Lanean...

അസ്വാഭാവികമായ ചില കാഴ്ചകള്‍

Xehetasun bibliografikoak
Egile Nagusiak: വത്സന്‍ അഞ്ചാംപീടിക, Valsan Anchampeedika
Formatua: Printed Book
Argitaratua: Kottayam; Current Books; 2005
Edizioa:1st
Gaiak:
LEADER 01069nam a22002057a 4500
020 |a 81-240-1552-X 
082 |a 894.M301  |b VAL1/A P5 
100 |a വത്സന്‍ അഞ്ചാംപീടിക;  |9 53222 
100 |a Valsan Anchampeedika  |9 51089 
240 |a Aswabhavikamaya chila kazhchakal 
245 |a അസ്വാഭാവികമായ ചില കാഴ്ചകള്‍ 
250 |a 1st 
260 |a Kottayam;  |b Current Books;  |c 2005 
300 |a 68p. 
650 |a മലയാളം; മലയാളം സാഹിത്യം; മലയാളം ചെറുകഥകള്‍  |9 53223 
650 |a Malayalam; Malayalam Literature; Malayalam Short Stories  |9 53224 
942 |c BK 
999 |c 41869  |d 41869 
952 |0 0  |1 0  |4 0  |6 894_000000000000000_M301_VAL1_A_P5  |7 0  |8 STO  |9 48045  |a MAL  |b MAL  |d 2015-08-06  |e 48016  |g 40.00  |l 0  |o 894.M301 VAL1/A P5  |p MAL048016  |r 2015-08-06  |t 1  |w 2015-08-06  |y BK 
952 |0 0  |1 0  |4 0  |6 894_000000000000000_M301_VAL1_A_P51  |7 0  |8 STO  |9 48046  |a MAL  |b MAL  |d 2015-08-06  |e 50795  |g 40.00  |l 0  |o 894.M301 VAL1/A P5;1  |p MAL050795  |r 2015-08-06  |t 2  |w 2015-08-06  |y BK